000 00726nam a2200193 i 4500
001 178974
003 ES-MaACL
005 20250728043249.0
008 110816s1904 fr |||| | fre d
100 1 _aBouglé, Célestin (
_d1870-1940)
_930876
245 1 3 _aLa démocratie devant la science
_b: études critiques sur l'hérédité, la concurrence et la différenciation /
_cpar C. Bouglé.
260 _aParis :
_bFélix Alcan,
_c1904.
300 _a312 p. ;
_c22 cm.
490 1 _aBibliothèque générale des sciences sociales ;
_v21
650 7 _aDemocracia
_2embne
_911574
830 0 0 _aBibliothèque générale des sciences sociales
_v21
_9187778
852 _aES-MaACL
_jC-23101
999 _c178974
_d178974